000 00729na a2200265 4500
001 13125
003 MIRAKIL
005 20181213154829.0
008 161012b tu 000 0
020 _a9944557404
040 _aMilas
_btur
_cTR-AnCHP
041 _atur
082 _a956.214
_bT34 2006
090 _a956.214 T34 2006
245 _aTarih içinde Muğla
_cderleyen İlhan Tekeli
260 _aAnkara
_bODTU Mimarlık Fakültesi
_c2006
300 _aix, 339 s.
_bhrt.; tbl.
_c23 sm.
440 _aMuğla Belediyesi yayınları
_v1
490 _aTarih dizisi
_v1
504 _aKaynakça var.
650 _aŞehirler
_xTarih
_zTürkiye
650 _aMuğla
_xTarih
700 _aTekeli, İlhan
942 _2ddc
_cBKS
999 _c1608
_d1608